|
|
|
|
| LEADER |
01412nam a22002777a 4500 |
| 001 |
37699 |
| 003 |
BD-DhAAL |
| 005 |
20220213115928.0 |
| 008 |
220213t2009 bg a|||| b||| 001 0 ben d |
| 999 |
|
|
|c 43490
|d 43490
|
| 020 |
|
|
|a 9843000025083
|
| 040 |
|
|
|a BD-DhAAL
|
| 082 |
|
|
|a 370.95492
|
| 100 |
|
|
|a আকবর, শ্যামলী
|9 45701
|
| 245 |
|
|
|a শিক্ষায় যোগাযোগ :
|b তত্ত্ব ও প্রয়োগ /
|c শ্যামলী আকবর, এ. কে. এম. বদরুল আলম এবং জহিরুল মল্লিক
|
| 246 |
|
|
|a Shikhai jogajog :
|b Totto protog
|
| 260 |
|
|
|a ঢাকা :
|b এডুকেশন ওয়েভ,
|c ২০০৯
|
| 300 |
|
|
|a ৩০৪ পৃষ্ঠা :
|b চিএ ;
|c ২১ সে.মি.
|
| 504 |
|
|
|a তথ্যসূএ ও নির্ঘন্ট অন্তভুক্ত।
|
| 541 |
|
|
|a Complimentary copy from BIED
|e 37699
|
| 650 |
|
|
|a Education
|x Bangladesh.
|9 45702
|
| 700 |
|
|
|a আলম, এ. কে. এম. বদরুল
|9 45703
|
| 700 |
|
|
|a মল্লিক, জহিরুল
|9 45704
|
| 852 |
|
|
|a Ayesha Abed Library
|
| 942 |
|
|
|2 ddc
|c BK
|
| 952 |
|
|
|0 0
|1 0
|2 ddc
|4 0
|6 370_954920000000000_AKB
|7 0
|9 69766
|a BRACUL
|b BRACUL
|c GEN
|d 2022-02-13
|e Complimentary copy from BIED
|l 1
|m 26
|o 370.95492 AKB
|p 3010037699
|r 2023-02-11
|s 2022-09-01
|t 1
|w 2022-02-13
|y BK
|x Transferred from BIED to General Stacks
|